Candy by Picture - Statistics

General Stats
  • This quiz has been taken 85 times
    59 since last reset
  • The average score is 11 of 15
Answer Stats
Picture Answer % Correct
Kit Kat
98%
Gummy Bears
96%
M&M's
96%
Sour Patch Kids
85%
Twix
83%
Twizzler's
83%
Jelly Beans
79%
Jolly Rancher
75%
Swedish Fish
75%
Hershey Kiss
58%
Almond Joy
56%
Fruit Roll-Up
56%
SweetTart's
52%
Milk Dud
46%
Milky Way
40%
No matching quizzes found
Score Distribution
Percent of People with Each Score
Percentile by Number Answered
Your Score History
You have not taken this quiz since the last reset